| 000 | 00484nam a2200181Ia 4500 | ||
|---|---|---|---|
| 999 |
_c2153 _d2153 |
||
| 003 | OSt | ||
| 005 | 20200814103736.0 | ||
| 008 | 190216s9999||||xx |||||||||||||| ||und|| | ||
| 020 | _a0070167869 | ||
| 040 | _coclc | ||
| 082 |
_a543.1 _bDIC/A |
||
| 100 |
_aDick, J G _94123 |
||
| 245 | 0 |
_aAnalytical Chemistry / _cJ G Dick |
|
| 260 |
_bMcgraw -hill, _c1973. _aNew Delhi: |
||
| 300 | _a696p | ||
| 650 | _aChemistry | ||
| 942 |
_cBK _2ddc _h543.1 _iDIC/A _k543.1 _mDIC/A |
||